[Event "Morbihan-ch 1213"]
[Site "France"]
[Date "2013.04.13"]
[Round "7"]
[White "Loizil, Joel"]
[Black "Trelohan, Henri"]
[Result "1-0"]
[WhiteElo "1709"]
[BlackElo "1669"]
[PlyCount "89"]
[EventDate "2012.10.27"]
[EventType "swiss"]
[EventRounds "7"]
[EventCountry "FRA"]
[SourceTitle "EXT 2014"]
[Source "ChessBase"]
[SourceDate "2013.11.20"]
[SourceVersion "1"]
[SourceVersionDate "2013.11.20"]
[SourceQuality "1"]

1. e4 c6 2. d4 d5 3. Nc3 dxe4 4. Nxe4 Bf5 5. Nc5 Qc7 6. Nf3 Nf6 7. g3 e6 8. Bf4 Qb6 9. Nb3 Be7 10. Bg2 Nd5 11. Bd2 Bg4 12. 0-0 Qc7 13. a3 Nd7 14. c4 N5f6 15. Re1 0-0 16. Bc3 Rad8 17. Qe2 Rfe8 18. Qe3 c5 19. Nbd2 cxd4 20. Nxd4 Bc5 21. b4 Bf8 22. Nb5 Qb8 23. Qxa7 Qxa7 24. Nxa7 Nb8 25. Ne4 Nxe4 26. Bxe4 Rd7 27. f3 Bh5 28. g4 Bg6 29. c5 Bxe4 30. fxe4 Rd3 31. Be5 f6 32. Bf4 e5 33. Bg3 Red8 34. Kf2 Rd2+ 35. Re2 R2d3 36. Nb5 Nc6 37. Nc7 Nd4 38. Rb2 Rd7 39. Nd5 Rd8 40. g5 Ra8 41. gxf6 gxf6 42. Nxf6+ Kf7 43. Nd5 Bg7 44. a4 Ke6 45. Nc7+ 1-0

[Event "Morbihan-ch 1213"]
[Site "France"]
[Date "2012.12.15"]
[Round "3"]
[White "Agogue, Yann"]
[Black "Trelohan, Henri"]
[Result "0-1"]
[WhiteElo "1520"]
[BlackElo "1669"]
[PlyCount "132"]
[EventDate "2012.10.27"]
[EventType "swiss"]
[EventRounds "7"]
[EventCountry "FRA"]
[SourceTitle "EXT 2014"]
[Source "ChessBase"]
[SourceDate "2013.11.20"]
[SourceVersion "1"]
[SourceVersionDate "2013.11.20"]
[SourceQuality "1"]

1. e4 c6 2. d4 d5 3. e5 e6 4. f4 Qa5+ 5. Bd2 Qb6 6. Bc1 c5 7. c3 Nc6 8. Nf3 cxd4 9. cxd4 Bb4+ 10. Nc3 Nge7 11. a3 Bxc3+ 12. bxc3 0-0 13. Bd3 Na5 14. Ng5 h6 15. h4 Qb3 16. Qd2 Nc4 17. Bxc4 Qxc4 18. Nf3 Nf5 19. g4 Ng3 20. Rg1 Ne4 21. Qc2 Qxc3+ 22. Qxc3 Nxc3 23. Rg2 Bd7 24. h5 Rac8 25. g5 hxg5 26. fxg5 Ne4 27. Bd2 Rc2 28. Rc1 Rfc8 29. Rxc2 Rxc2 30. Re2 Ra2 31. Bc1 Ra1 32. Rc2 Bc6 33. h6 g6 34. Ke2 Ng3+ 35. Kd3 Rb1 36. Nd2 Rb5 37. Nb3 Rxb3+ 38. Rc3 Rxc3+ 39. Kxc3 Nf5 40. Bb2 Ng3 41. Kb4 b6 42. a4 a5+ 43. Kb3 Ne2 44. Ka3 Ng1 45. Bc1 Nf3 46. Be3 Ne1 47. Bd2 Nc2+ 48. Kb2 Nxd4 49. Be3 Nf3 50. Bxb6 Bxa4 51. Bxa5 Nxe5 52. Bc7 Nc4+ 53. Kc3 Ne3 54. Kd4 Nf5+ 55. Ke5 d4 56. Ba5 d3 57. Kf4 Bb5 58. Bc3 Nd4 59. Ke3 Nb3 60. Bb4 Kh7 61. Bc3 d2 62. Bxd2 Nxd2 63. Kxd2 Be8 64. Ke3 f6 65. Kf4 fxg5+ 66. Kxg5 Bf7 0-1

[Event "Morbihan-ch 1112"]
[Site "Morbihan"]
[Date "2012.02.11"]
[Round "5.11"]
[White "Malry, Celia"]
[Black "Trelohan, Henri"]
[Result "0-1"]
[WhiteElo "1530"]
[BlackElo "1676"]
[PlyCount "110"]
[EventDate "2011.10.08"]
[EventType "swiss"]
[EventRounds "7"]
[EventCountry "FRA"]
[SourceTitle "EXT 2014"]
[Source "ChessBase"]
[SourceDate "2013.11.20"]
[SourceVersion "1"]
[SourceVersionDate "2013.11.20"]
[SourceQuality "1"]

1. c4 c6 2. g3 d5 3. Qc2 g6 4. b3 Bg7 5. Bb2 Nf6 6. Bg2 Bf5 7. d3 0-0 8. e3 Na6 9. Ba3 Nd7 10. Nc3 Qa5 11. Bb2 Nac5 12. Rd1 d4 13. exd4 Bxd4 14. Nf3 Bg7 15. 0-0 Nxd3 16. Rxd3 Nc5 17. Ne1 Rad8 18. Be4 Nxe4 19. Rxd8 Rxd8 20. Nxe4 Bxb2 21. Qxb2 Bxe4 22. Qe2 Bf5 23. Qxe7 Rd7 24. Qg5 Kg7 25. Nf3 Qd8 26. Qxd8 Rxd8 27. Re1 Be6 28. Ng5 Rd2 29. Nxe6+ fxe6 30. Rxe6 Kf7 31. Re3 Rxa2 32. Kg2 Rb2 33. Kf3 Rd2 34. Re2 Rxe2 35. Kxe2 Ke6 36. Ke3 c5 37. Ke4 g5 38. f4 gxf4 39. Kxf4 a6 40. g4 b5 41. g5 bxc4 42. bxc4 a5 43. h4 a4 44. h5 a3 45. g6 hxg6 46. hxg6 Kf6 47. g7 Kxg7 48. Ke5 a2 49. Kd5 a1Q 50. Kxc5 Qa7+ 51. Kd5 Qc7 52. c5 Kf6 53. c6 Ke7 54. Kc5 Ke6 55. Kb5 Kd5 0-1

[Event "Morbihan-ch 1112"]
[Site "Morbihan"]
[Date "2011.11.19"]
[Round "2.3"]
[White "Trelohan, Henri"]
[Black "Jolivel, Dominique"]
[Result "0-1"]
[WhiteElo "1676"]
[BlackElo "1902"]
[PlyCount "68"]
[EventDate "2011.10.08"]
[EventType "swiss"]
[EventRounds "7"]
[EventCountry "FRA"]
[SourceTitle "EXT 2014"]
[Source "ChessBase"]
[SourceDate "2013.11.20"]
[SourceVersion "1"]
[SourceVersionDate "2013.11.20"]
[SourceQuality "1"]

1. c4 Nf6 2. Nc3 e5 3. g3 c6 4. Bg2 Be7 5. e3 0-0 6. Nge2 d6 7. 0-0 Na6 8. d4 exd4 9. exd4 Nc7 10. Nf4 Rb8 11. d5 c5 12. a4 Bg4 13. Nfe2 Na6 14. Na2 Qd7 15. Re1 Rfe8 16. b3 h6 17. Bd2 Bf8 18. Be3 Nh7 19. Qd2 Nf6 20. Nec3 Nc7 21. Nb5 a6 22. Nxc7 Qxc7 23. Nc3 Qd7 24. Bf4 g5 25. Rxe8 Rxe8 26. Be3 Bg7 27. Re1 Bh3 28. Bh1 Bf5 29. Qc1 Bg6 30. Bf3 Qf5 31. Bd1 Qh3 32. f3 Nh5 33. Bf2 Rxe1+ 34. Bxe1 Bd4+ 0-1

[Event "Morbihan-ch 1112"]
[Site "Morbihan"]
[Date "2011.10.08"]
[Round "1.15"]
[White "Trelohan, Henri"]
[Black "Le Deventec, Antoine"]
[Result "1-0"]
[WhiteElo "1676"]
[BlackElo "1430"]
[PlyCount "79"]
[EventDate "2011.10.08"]
[EventType "swiss"]
[EventRounds "7"]
[EventCountry "FRA"]
[SourceTitle "EXT 2014"]
[Source "ChessBase"]
[SourceDate "2013.11.20"]
[SourceVersion "1"]
[SourceVersionDate "2013.11.20"]
[SourceQuality "1"]

1. c4 e5 2. g3 Bc5 3. Bg2 Nf6 4. Nf3 Nc6 5. 0-0 d6 6. d3 Be6 7. a3 a6 8. Nc3 Qd7 9. Re1 Bh3 10. Bh1 Ng4 11. e3 0-0 12. Ng5 Nf6 13. Nxh3 Qxh3 14. Bg2 Qf5 15. Rf1 h6 16. Ne2 Rad8 17. Nc3 Rfe8 18. Nd5 Nxd5 19. Bxd5 Nb8 20. Be4 Qf6 21. Qf3 Qxf3 22. Bxf3 c6 23. b4 Bb6 24. Bb2 d5 25. cxd5 cxd5 26. Rac1 e4 27. dxe4 dxe4 28. Bg4 g6 29. Rfd1 f5 30. Bh3 Nc6 31. Bf1 Bc7 32. Rxd8 Rxd8 33. Bxa6 bxa6 34. Rxc6 Rd2 35. Rxg6+ Kf7 36. Rg7+ Kf8 37. Rxc7 Rxb2 38. Ra7 Ra2 39. Rxa6 Ke7 40. a4 1-0

[Event "Morbihan-ch 1011"]
[Site "Morbihan"]
[Date "2011.04.09"]
[Round "7.9"]
[White "Le Deventec, Antoine"]
[Black "Trelohan, Henri"]
[Result "0-1"]
[WhiteElo "1450"]
[BlackElo "1689"]
[PlyCount "100"]
[EventDate "2010.10.09"]
[EventType "swiss"]
[EventRounds "7"]
[EventCountry "FRA"]
[SourceTitle "EXT 2014"]
[Source "ChessBase"]
[SourceDate "2013.11.20"]
[SourceVersion "1"]
[SourceVersionDate "2013.11.20"]
[SourceQuality "1"]

1. e4 c6 2. Nf3 d5 3. exd5 cxd5 4. d4 Bg4 5. Bf4 Nc6 6. Bb5 e6 7. h3 Bh5 8. g4 Bg6 9. Ne5 Rc8 10. c3 Bd6 11. Nxg6 hxg6 12. Bg3 Bxg3 13. fxg3 Nf6 14. Nd2 Qb6 15. Bxc6+ Rxc6 16. Nb3 Ne4 17. Qf3 Qc7 18. Nd2 Qxg3+ 19. Qxg3 Nxg3 20. Rh2 f5 21. Kf2 Ne4+ 22. Nxe4 fxe4 23. Ke3 Rc7 24. Rf1 Rf7 25. Rxf7 Kxf7 26. c4 g5 27. c5 Rh6 28. b4 Ke7 29. a4 a6 30. b5 axb5 31. axb5 Kd7 32. Kd2 Rf6 33. Ke2 Rf3 34. Rf2 Rf6 35. Ke3 Ke7 36. b6 Rh6 37. Rh2 Kd7 38. Ke2 Kc6 39. Kd2 e5 40. Kc3 exd4+ 41. Kxd4 Rf6 42. h4 Rf4 43. hxg5 Rxg4 44. Rh5 g6 45. Rh8 Rxg5 46. Rc8+ Kb5 47. Rb8 Rg3 48. Kxd5 e3 49. Rxb7 e2 50. Re7 Rd3+ 0-1

[Event "Morbihan-ch 1011"]
[Site "Morbihan"]
[Date "2011.02.12"]
[Round "5.10"]
[White "Biderbost, Marc"]
[Black "Trelohan, Henri"]
[Result "1/2-1/2"]
[WhiteElo "1499"]
[BlackElo "1692"]
[PlyCount "98"]
[EventDate "2010.10.09"]
[EventType "swiss"]
[EventRounds "7"]
[EventCountry "FRA"]
[SourceTitle "EXT 2014"]
[Source "ChessBase"]
[SourceDate "2013.11.20"]
[SourceVersion "1"]
[SourceVersionDate "2013.11.20"]
[SourceQuality "1"]

1. d4 d5 2. Nf3 Nf6 3. Bf4 e6 4. e3 c5 5. c3 Nc6 6. Nbd2 Be7 7. h3 0-0 8. Be2 c4 9. 0-0 b5 10. Ne5 Nxe5 11. Bxe5 Bd6 12. b4 Bxe5 13. dxe5 Nd7 14. f4 Qb6 15. Kf2 f6 16. Nf3 fxe5 17. fxe5 Nxe5 18. Qd4 Qxd4 19. exd4 Nxf3 20. Bxf3 Bd7 21. Kg1 Rf6 22. Bg4 Raf8 23. Rae1 Rxf1+ 24. Rxf1 Rxf1+ 25. Kxf1 g6 26. Kf2 h5 27. Bf3 Kg7 28. Ke3 Kf6 29. h4 Be8 30. Kf4 Bf7 31. g3 Be8 32. g4 hxg4 33. Kxg4 Bd7 34. Kf4 Be8 35. a3 Bf7 36. Bg4 Be8 37. Bh3 a6 38. Bg4 Bf7 39. Bd1 Be8 40. Bc2 Bd7 41. Bd1 Bc6 42. Bc2 Bb7 43. a4 Bc6 44. axb5 axb5 45. Bd1 Be8 46. Bc2 Bf7 47. Bd1 Be8 48. Bg4 Bd7 49. Bf3 Be8 1/2-1/2

[Event "Morbihan-ch 1011"]
[Site "Morbihan"]
[Date "2010.11.06"]
[Round "2.12"]
[White "Siclet, Mathieu"]
[Black "Trelohan, Henri"]
[Result "1-0"]
[WhiteElo "1879"]
[BlackElo "1700"]
[PlyCount "49"]
[EventDate "2010.10.09"]
[EventType "swiss"]
[EventRounds "7"]
[EventCountry "FRA"]
[SourceTitle "EXT 2014"]
[Source "ChessBase"]
[SourceDate "2013.11.20"]
[SourceVersion "1"]
[SourceVersionDate "2013.11.20"]
[SourceQuality "1"]

1. d4 d5 2. Nf3 e6 3. e3 Nf6 4. Bd3 c5 5. c3 Nc6 6. Nbd2 c4 7. Bc2 b5 8. e4 dxe4 9. Nxe4 Bb7 10. 0-0 Be7 11. Qe2 0-0 12. Rd1 Na5 13. Nxf6+ Bxf6 14. Ne5 Qe7 15. Bf4 Rfd8 16. Re1 Bg5 17. Qh5 h6 18. Bxg5 Qxg5 19. Qxf7+ Kh8 20. Ng6+ Kh7 21. Nf4+ Kh8 22. Re5 Rf8 23. Ng6+ Kh7 24. Nxf8+ Kh8 25. Rxg5 1-0

[Event "Morbihan-ch 0910"]
[Site "Morbihan"]
[Date "2010.01.16"]
[Round "3.6"]
[White "Trelohan, Henri"]
[Black "Jolivel, Dominique"]
[Result "0-1"]
[WhiteElo "1685"]
[BlackElo "1891"]
[PlyCount "156"]
[EventDate "2009.10.10"]
[EventType "swiss"]
[EventRounds "7"]
[EventCountry "FRA"]
[SourceTitle "EXT 2014"]
[Source "ChessBase"]
[SourceDate "2013.11.20"]
[SourceVersion "1"]
[SourceVersionDate "2013.11.20"]
[SourceQuality "1"]

1. c4 Nf6 2. Nc3 g6 3. g3 Bg7 4. Bg2 0-0 5. d4 d6 6. Nf3 Nbd7 7. 0-0 c6 8. e4 e5 9. dxe5 Nxe5 10. Nxe5 dxe5 11. Qxd8 Rxd8 12. Be3 Be6 13. b3 Rd3 14. Na4 b6 15. Nb2 Rd7 16. h3 Rad8 17. Rfd1 Ne8 18. Rxd7 Rxd7 19. Rd1 f6 20. Rxd7 Bxd7 21. Nd3 Bf8 22. f4 Bd6 23. fxe5 fxe5 24. c5 Bc7 25. cxb6 axb6 26. h4 c5 27. Bc1 Kf7 28. Kf2 Be6 29. Nb2 Nd6 30. Ke3 c4 31. Nxc4 Nxc4+ 32. bxc4 Bxc4 33. a3 Bd6 34. Kf3 h5 35. g4 Bc5 36. gxh5 gxh5 37. Bh3 Be6 38. Bxe6+ Kxe6 39. Ke2 Be7 40. Be3 b5 41. Bf2 Bxa3 42. Kd1 Kd7 43. Kc2 Kc6 44. Kb3 Bc5 45. Bg3 Bd6 46. Bf2 Kb7 47. Bg3 Ka6 48. Bf2 Kb7 49. Be3 Kc6 50. Bf2 Bc5 51. Bg3 Bd4 52. Kb4 Kb6 53. Be1 Bc5+ 54. Kb3 Kc6 55. Bg3 Bd6 56. Bf2 Bc5 57. Bg3 Bd6 58. Bf2 Kb7 59. Be3 Ka6 60. Bf2 Ka5 61. Be1+ b4 62. Bg3 Kb5 63. Bf2 Bc5 64. Bg3 Bd4 65. Be1 Bc5 66. Bg3 Be7 67. Be1 Bc5 68. Bg3 Bd4 69. Be1 Bc3 70. Bg3 Ba1 71. Be1 Kc5 72. Bf2+ Bd4 73. Be1 Be3 74. Bxb4+ Kd4 75. Kc2 Kxe4 76. Kd1 Kf3 77. Bc3 e4 78. Bb4 Bf2 0-1

[Event "Morbihan-ch 0910"]
[Site "Morbihan"]
[Date "2009.10.10"]
[Round "1.19"]
[White "Dumont, Gerard"]
[Black "Trelohan, Henri"]
[Result "0-1"]
[WhiteElo "1210"]
[BlackElo "1685"]
[PlyCount "94"]
[EventDate "2009.10.10"]
[EventType "swiss"]
[EventRounds "7"]
[EventCountry "FRA"]
[SourceTitle "EXT 2014"]
[Source "ChessBase"]
[SourceDate "2013.11.20"]
[SourceVersion "1"]
[SourceVersionDate "2013.11.20"]
[SourceQuality "1"]

1. e4 e5 2. Nf3 Nc6 3. Bc4 Bc5 4. 0-0 Nf6 5. Nc3 0-0 6. d3 h6 7. Be3 Bxe3 8. fxe3 Na5 9. Bb5 c6 10. Ba4 b5 11. Bb3 Nxb3 12. cxb3 d6 13. d4 Re8 14. d5 b4 15. Ne2 c5 16. a3 a5 17. Ng3 Ba6 18. Re1 Qb6 19. Nf5 Nxe4 20. N3h4 Qd8 21. Qg4 Ng5 22. e4 Bc8 23. Qh5 Bxf5 24. exf5 Qf6 25. Rf1 Kh7 26. Ng6 fxg6 27. fxg6+ Qxg6 28. Qg4 Rf8 29. h4 Rxf1+ 30. Rxf1 Qe4 31. Qd7 Qd4+ 32. Kh1 Qxh4+ 33. Kg1 Qd4+ 34. Kh1 Qxd5 35. Qf5+ Kh8 36. Qd7 Qe6 37. Qc6 Rc8 38. Qb5 bxa3 39. bxa3 Ra8 40. Qc6 Rb8 41. Qc7 Qxb3 42. Qxa5 Kh7 43. Qa6 Qb5 44. Qxd6 Qxf1+ 45. Kh2 Qf4+ 46. g3 Qf2+ 47. Kh1 Rb1+ 0-1

[Event "Morbihan-ch 0809"]
[Site "Morbihan"]
[Date "2009.01.24"]
[Round "4"]
[White "Annetti, Laurent"]
[Black "Trelohan, Henri"]
[Result "1-0"]
[WhiteElo "1858"]
[BlackElo "1712"]
[PlyCount "67"]
[EventDate "2008.10.??"]
[EventType "tourn"]
[EventRounds "7"]
[EventCountry "FRA"]
[SourceTitle "EXT 2010"]
[Source "ChessBase"]
[SourceDate "2010.11.25"]
[SourceVersion "1"]
[SourceVersionDate "2010.11.25"]
[SourceQuality "1"]

1. e4 c6 2. d4 d5 3. exd5 cxd5 4. Bd3 Nf6 5. c3 Bg4 6. Qb3 Qc7 7. Bg5 Nbd7 8. Bh4 e6 9. Bg3 Qb6 10. Qc2 Bd6 11. Nd2 h6 12. Ngf3 Nh5 13. Ne5 Nhf6 14. 0-0 Qc7 15. Nxd7 Qxd7 16. Bxd6 Qxd6 17. f3 Bh5 18. g4 Bxg4 19. fxg4 Nxg4 20. Qa4+ Kd8 21. Nf3 Qf4 22. Rae1 Ne3 23. Ne5 Qg5+ 24. Kf2 Ng4+ 25. Nxg4 Qxg4 26. Qa5+ b6 27. Qb4 Qf4+ 28. Kg1 Qc7 29. Bb5 a5 30. Qa3 Kc8 31. c4 dxc4 32. Rc1 Kb8 33. Rxc4 Qd8 34. Qg3+ 1-0

[Event "Gorges op 18th"]
[Site "Gorges"]
[Date "2008.07.??"]
[Round "3"]
[White "Crouan, Stephane"]
[Black "Trelohan, Henri"]
[Result "1-0"]
[WhiteElo "2205"]
[BlackElo "1737"]
[PlyCount "40"]
[EventDate "2008.07.??"]
[EventType "swiss"]
[EventRounds "7"]
[EventCountry "FRA"]
[SourceTitle "CBM 125 Extra"]
[Source "ChessBase"]
[SourceDate "2008.09.01"]
[SourceVersion "1"]
[SourceVersionDate "2008.09.01"]
[SourceQuality "1"]

1. e4 c6 2. d4 d5 3. e5 Bf5 4. Nf3 e6 5. Be2 h6 6. 0-0 c5 7. Be3 c4 8. b3 cxb3 9. axb3 Nc6 10. c4 Nge7 11. Nc3 a6 12. Nh4 Bh7 13. f4 Nf5 14. Nxf5 Bxf5 15. Bf3 Bb4 16. cxd5 Bxc3 17. dxc6 Bxa1 18. cxb7 Rb8 19. Qxa1 Bd3 20. Bc6+ Ke7 1-0

[Event "Gorges op 18th"]
[Site "Gorges"]
[Date "2008.07.??"]
[Round "2"]
[White "Trelohan, Henri"]
[Black "Mercier, Jean Loup"]
[Result "0-1"]
[WhiteElo "1737"]
[BlackElo "1947"]
[PlyCount "72"]
[EventDate "2008.07.??"]
[EventType "swiss"]
[EventRounds "7"]
[EventCountry "FRA"]
[SourceTitle "CBM 125 Extra"]
[Source "ChessBase"]
[SourceDate "2008.09.01"]
[SourceVersion "1"]
[SourceVersionDate "2008.09.01"]
[SourceQuality "1"]

1. c4 e5 2. g3 Nc6 3. Bg2 g6 4. e3 Bg7 5. Ne2 Nge7 6. 0-0 d6 7. Nbc3 Be6 8. d3 Qd7 9. Re1 Bh3 10. Bh1 0-0 11. Rb1 f5 12. b4 g5 13. f4 gxf4 14. exf4 Rae8 15. b5 Nd8 16. Be3 Ng6 17. Qc2 Kh8 18. Qd2 Rf7 19. Nd5 c6 20. bxc6 bxc6 21. Ndc3 Rfe7 22. Kf2 Ne6 23. Ng1 exf4 24. gxf4 Bg4 25. h3 Bh5 26. Kg3 Ngxf4 27. Bxf4 Nxf4 28. Rxe7 Rxe7 29. Rb8+ Re8 30. Rxe8+ Bxe8 31. Nce2 Nxe2+ 32. Nxe2 Be5+ 33. Kf2 Qe7 34. Qe3 Qg7 35. d4 f4 36. Nxf4 Bxd4 0-1

[Event "Hennebont Grand Prix"]
[Site "Hennebont"]
[Date "2006.08.06"]
[Round "6"]
[White "Nineuil, Vincent"]
[Black "Trelohan, Henri"]
[Result "1-0"]
[WhiteElo "1970"]
[BlackElo "1610"]
[PlyCount "59"]
[EventDate "2006.08.05"]
[EventType "swiss"]
[EventRounds "7"]
[EventCountry "FRA"]
[SourceTitle "EXT 2007"]
[Source "ChessBase"]
[SourceDate "2006.11.23"]
[SourceVersion "1"]
[SourceVersionDate "2006.11.23"]
[SourceQuality "1"]

1. e4 c6 2. c4 e6 3. d4 d5 4. cxd5 exd5 5. e5 Qa5+ 6. Bd2 Bb4 7. Nc3 Ne7 8. Bd3 Bf5 9. Bc2 0-0 10. f4 h6 11. g4 Bxc3 12. Bxc3 Bxc2 13. Qxc2 Qc7 14. f5 Re8 15. Ne2 Nd7 16. Bb4 Nb6 17. b3 Kh8 18. Bd6 Qd7 19. Ng3 Nbc8 20. Bb4 Ng8 21. 0-0-0 Qd8 22. h4 Qb6 23. Bc3 a5 24. g5 Nce7 25. f6 gxf6 26. gxf6 Ng6 27. Qd2 c5 28. h5 Nf8 29. Nf5 Kh7 30. Rdg1 1-0

[Event "Hennebont Grand Prix"]
[Site "Hennebont"]
[Date "2006.08.05"]
[Round "1"]
[White "Trelohan, Henri"]
[Black "Ababou, Alexandre"]
[Result "0-1"]
[WhiteElo "1610"]
[BlackElo "1410"]
[PlyCount "34"]
[EventDate "2006.08.05"]
[EventType "swiss"]
[EventRounds "7"]
[EventCountry "FRA"]
[SourceTitle "EXT 2007"]
[Source "ChessBase"]
[SourceDate "2006.11.23"]
[SourceVersion "1"]
[SourceVersionDate "2006.11.23"]
[SourceQuality "1"]

1. c4 Nf6 2. Nc3 e6 3. e3 Bb4 4. Qb3 c5 5. Nf3 Nc6 6. a3 Bxc3 7. Qxc3 b6 8. d3 0-0 9. Be2 d5 10. cxd5 exd5 11. d4 c4 12. Nd2 b5 13. Bf3 Bf5 14. 0-0 Bd3 15. Re1 a5 16. b3 b4 17. axb4 axb4 0-1

[Event "Morbihan-ch 0506"]
[Site "Arradon"]
[Date "2006.01.07"]
[Round "4"]
[White "Trelohan, Henri"]
[Black "Le Gal, Loic"]
[Result "0-1"]
[WhiteElo "1640"]
[BlackElo "1520"]
[PlyCount "104"]
[EventDate "2005.10.01"]
[EventType "swiss"]
[EventRounds "7"]
[EventCountry "FRA"]
[SourceTitle "EXT 2007"]
[Source "ChessBase"]
[SourceDate "2006.11.23"]
[SourceVersion "1"]
[SourceVersionDate "2006.11.23"]
[SourceQuality "1"]

1. c4 d5 2. cxd5 e6 3. d4 Nf6 4. a3 exd5 5. Bg5 Bf5 6. Nc3 Be7 7. Nf3 Nc6 8. e3 h6 9. Bh4 g5 10. Bg3 Bd6 11. Bxd6 Qxd6 12. Bd3 Ne4 13. 0-0 0-0-0 14. Qc2 Qg6 15. Nd2 Nd6 16. Bxf5+ Nxf5 17. Rac1 a6 18. Na2 Nfe7 19. Nf3 Qd6 20. Qc5 b6 21. Qxd6 Rxd6 22. Rc2 f6 23. Rfc1 Kb7 24. Ne1 Rc8 25. b4 a5 26. b5 Na7 27. a4 c6 28. bxc6+ Rdxc6 29. Rxc6 Nexc6 30. Nd3 Ka6 31. Nc3 Nb4 32. Nxb4+ axb4 33. Na2 Rxc1+ 34. Nxc1 Ka5 35. Kf1 Kxa4 36. Ke1 b3 37. Kd1 b5 38. Nd3 Ka3 39. Kc1 b4 40. Kb1 Nb5 41. Kc1 Nc3 42. Nb2 Ka2 43. Nd3 Ne2+ 44. Kd2 b2 45. Nxb4+ Kb3 46. Nxd5 b1Q 47. Kxe2 f5 48. Nf6 Qc2+ 49. Ke1 Kc4 50. Nd7 Kc3 51. Ne5 Qd2+ 52. Kf1 Qd1# 0-1

[Event "Morbihan-ch 0506"]
[Site "Arradon"]
[Date "2005.11.05"]
[Round "2"]
[White "Trelohan, Henri"]
[Black "Purenne, Eric"]
[Result "1-0"]
[WhiteElo "1600"]
[BlackElo "1499"]
[PlyCount "105"]
[EventDate "2005.10.01"]
[EventType "swiss"]
[EventRounds "7"]
[EventCountry "FRA"]
[SourceTitle "EXT 2007"]
[Source "ChessBase"]
[SourceDate "2006.11.23"]
[SourceVersion "1"]
[SourceVersionDate "2006.11.23"]
[SourceQuality "1"]

1. d4 d5 2. c4 e6 3. a3 Nf6 4. Nc3 h6 5. Nf3 Nc6 6. Bd2 a6 7. e3 Be7 8. b4 Bd7 9. c5 g5 10. g3 g4 11. Nh4 h5 12. f4 gxf3 13. Qxf3 e5 14. Nxd5 Bg4 15. Nxf6+ Bxf6 16. Qe4 Qe7 17. d5 Nd8 18. Nf5 Qd7 19. Bd3 Bxf5 20. Qxf5 Qxd5 21. 0-0 Rh6 22. Qe4 Qe6 23. Bc4 Qe7 24. Bc3 c6 25. Bd3 h4 26. Rf3 Rg6 27. Kg2 Qe6 28. Rf5 Rg5 29. Rxg5 Bxg5 30. Bxe5 f6 31. Bf4 Qxe4+ 32. Bxe4 Bxf4 33. gxf4 Ke7 34. Rd1 Nf7 35. Kh3 a5 36. Kxh4 axb4 37. axb4 Ra4 38. Rd4 Ra2 39. h3 Re2 40. Bf3 Rf2 41. Bg4 Nh6 42. Rd7+ Kf8 43. Rxb7 Re2 44. Bxe2 Nf5+ 45. Kh5 Ng3+ 46. Kg6 Nxe2 47. Kxf6 Ke8 48. h4 Nxf4 49. exf4 Kd8 50. Ke6 Kc8 51. Rg7 Kd8 52. Rh7 Kc8 53. Kd6 1-0

[Event "Morbihan-ch 0405"]
[Site "Arradon"]
[Date "2005.03.05"]
[Round "5"]
[White "Loizil, Joel"]
[Black "Trelohan, Henri"]
[Result "1-0"]
[WhiteElo "1740"]
[BlackElo "1500"]
[PlyCount "63"]
[EventDate "2004.10.10"]
[EventType "swiss"]
[EventRounds "7"]
[EventCountry "FRA"]
[SourceTitle "EXT 2007"]
[Source "ChessBase"]
[SourceDate "2006.11.23"]
[SourceVersion "1"]
[SourceVersionDate "2006.11.23"]
[SourceQuality "1"]

1. e4 c6 2. d4 d5 3. Nc3 dxe4 4. Nxe4 Bf5 5. Ng3 Bg6 6. Nf3 e6 7. Be3 Bd6 8. Be2 Nf6 9. a3 Nbd7 10. b4 Nd5 11. Qd2 Nxe3 12. fxe3 Nf6 13. Nf1 Ne4 14. Qc1 0-0 15. c3 Re8 16. N1d2 Nxd2 17. Qxd2 e5 18. g3 exd4 19. exd4 Qe7 20. Kf2 Be4 21. Rhf1 Bxf3 22. Bxf3 Qf6 23. Kg2 Qd8 24. c4 Qc7 25. c5 Bf8 26. d5 cxd5 27. Bxd5 Re7 28. Rad1 Rae8 29. Rf2 Qe5 30. Rdf1 Qh5 31. Qa2 Re2 32. Bxf7+ 1-0

[Event "Morbihan-ch 0304"]
[Site "Morbihan"]
[Date "2004.03.06"]
[Round "5"]
[White "Trelohan, Henri"]
[Black "Faure, Lionel"]
[Result "1-0"]
[WhiteElo "1620"]
[BlackElo "1220"]
[PlyCount "63"]
[EventDate "2003.10.??"]
[EventType "swiss"]
[EventRounds "7"]
[EventCountry "FRA"]
[SourceTitle "EXT 2005"]
[Source "ChessBase"]
[SourceDate "2004.11.15"]
[SourceVersion "1"]
[SourceVersionDate "2004.11.15"]
[SourceQuality "1"]

1. c4 c5 2. g3 Nc6 3. Bg2 g6 4. Nc3 Bg7 5. e3 Qb6 6. Nge2 Nf6 7. 0-0 d6 8. d3 Bg4 9. Qc2 Nb4 10. Qd2 Nc6 11. Re1 0-0 12. b3 a6 13. Rb1 Ne5 14. e4 Bf3 15. Nf4 Bxg2 16. Kxg2 Qc6 17. Nfd5 Rfe8 18. Nxf6+ Bxf6 19. Nd5 Bg7 20. f4 e6 21. Ne3 Nd7 22. Kf2 Nf6 23. Qc2 Nh5 24. Bb2 e5 25. f5 Rf8 26. Kg1 gxf5 27. Nxf5 Qd7 28. Rf1 Qe6 29. Rf2 Rae8 30. Rbf1 Nf6 31. Nxg7 Kxg7 32. Rxf6 1-0

[Event "Morbihan-ch 0304"]
[Site "Morbihan"]
[Date "2004.01.10"]
[Round "4"]
[White "Le Garrec, Maxime"]
[Black "Trelohan, Henri"]
[Result "1-0"]
[WhiteElo "1590"]
[BlackElo "1670"]
[PlyCount "63"]
[EventDate "2003.10.??"]
[EventType "swiss"]
[EventRounds "7"]
[EventCountry "FRA"]
[SourceTitle "EXT 2005"]
[Source "ChessBase"]
[SourceDate "2004.11.15"]
[SourceVersion "1"]
[SourceVersionDate "2004.11.15"]
[SourceQuality "1"]

1. e4 c6 2. d4 d5 3. e5 Bf5 4. c3 e6 5. g4 Bg6 6. h4 h6 7. h5 Bh7 8. Bd3 Bxd3 9. Qxd3 Qc7 10. Na3 Nd7 11. f4 0-0-0 12. Nf3 a6 13. g5 Ne7 14. Bd2 Nf5 15. Nh4 Nxh4 16. Rxh4 Be7 17. Rh3 Rdg8 18. Ke2 Qd8 19. Rg1 c5 20. g6 f5 21. c4 cxd4 22. cxd5 Nc5 23. Qxd4 Ne4 24. d6 Nxd2 25. Rc1+ Kb8 26. Qxd2 Qd7 27. Rc7 Qd8 28. Rxe7 Qb6 29. Rb3 Qc6 30. Rbxb7+ Qxb7 31. Rxb7+ Kxb7 32. Qb4+ 1-0

[Event "Morbihan-ch 0304"]
[Site "Morbihan"]
[Date "2003.12.13"]
[Round "3"]
[White "Trelohan, Henri"]
[Black "Blanchard, Philippe"]
[Result "1/2-1/2"]
[WhiteElo "1670"]
[BlackElo "1470"]
[PlyCount "106"]
[EventDate "2003.10.??"]
[EventType "swiss"]
[EventRounds "7"]
[EventCountry "FRA"]
[SourceTitle "EXT 2005"]
[Source "ChessBase"]
[SourceDate "2004.11.15"]
[SourceVersion "1"]
[SourceVersionDate "2004.11.15"]
[SourceQuality "1"]

1. c4 e5 2. Nc3 Nf6 3. g3 Bb4 4. Qc2 0-0 5. Bg2 d6 6. a3 Bxc3 7. Qxc3 Nc6 8. b4 Rb8 9. d3 Re8 10. e3 Bg4 11. Nf3 Qd7 12. 0-0 Bh3 13. b5 Nd8 14. Bb2 Bxg2 15. Kxg2 Ne6 16. a4 Qe7 17. Nh4 Nf8 18. Nf5 Qe6 19. e4 Ng6 20. Qd2 h6 21. h4 Nh5 22. Qe2 Nf6 23. Bc1 Ne7 24. Nxe7+ Rxe7 25. Be3 b6 26. f4 Ng4 27. f5 Nxe3+ 28. Qxe3 Qf6 29. Qf3 Ree8 30. Rh1 Kf8 31. g4 Ke7 32. Qg3 Kd7 33. a5 Ra8 34. g5 hxg5 35. Qxg5 Qxg5+ 36. hxg5 bxa5 37. Rh7 Rg8 38. Rxa5 Ke7 39. Ra6 Kd8 40. Kg3 Ke7 41. Rc6 Rac8 42. Kg4 Kf8 43. Rh1 Ke7 44. Ra1 Kd7 45. Rxa7 Rh8 46. Rca6 Kd8 47. Ra8 Rh1 48. Rxc8+ Kxc8 49. g6 Rg1+ 50. Kf3 fxg6 51. fxg6 Kb7 52. Ra2 Rxg6 53. Rh2 Rg5 1/2-1/2